01721nam a22003977a 4500003000500000005001700005008004100022010001000063011001000073035001000083040000900093090001000102100003500112245013200147260004000279300002000319502010100339590003700440590004100477590004100518590004100559590004100600590004200641650003100683650003500714700004300749901000700792942000900799949003600808949004100844949004100885999001700926952012600943952012601069952012801195CHAP20251204124650.0971010s1982 r 00010 d a65465 a66437 a74548 cCHAP aTesis10aSalazar Moreno, Raquel91014121 aDeterminación de punto de corte de jilote en seis variedades de maíz (Zea mays L.) y su evaluación como alimento enlatado aChapingo, Méx. :bEl autor,c1982 a103 h. gráfs. aTesis (Ing. Agr. Esp. en Industrias Agrícolas) -- UACH. Departamento de Industrias Agrícolas aALEPHb10c20130110lUCH01h1357 aBATCH-UPDb10c20130110lUCH01h0452 aBATCH-UPDb10c20130110lUCH01h2226 aBATCH-UPDb10c20130410lUCH01h0129 aBATCH-UPDb10c20130914lUCH01h1754 aCONVERSIONb10c20130109lUCH01h133614aAlimentos enlatados.9430714aMaízxInflorescencia.9709811 aSolorio Caballero, Héctor A.9108508 aBK cFOLL bBCcTESd-135618eTS1i74548si bBCcTESd-135619eTS2fc.2i74548si bBCcTESd-135620eTS2fc.3i74548si c65465d65465 00102local4053708TESISaBCbBCcPA_TESISd2012-12-17fTESISl0p-135619r2019-12-31 00:00:00tc.2w2019-12-31yTESIS 00102local4053708TESISaBCbBCcPA_TESISd2012-12-17fTESISl0p-135620r2019-12-31 00:00:00tc.3w2019-12-31yTESIS 00102local4051708TESISaBCbBCcPA_TESISd2012-12-17fTESISl0oTesisp-135618r2019-12-31 00:00:00w2012-12-17yTESIS